[Event "GER-chT U14 Girls"]
[Site "Dittrichshuette"]
[Date "2008.12.30"]
[Round "7.3"]
[White "Hauffen, Franziska"]
[Black "Stolcz, Bianca"]
[Result "1/2-1/2"]
[WhiteElo "1170"]
[BlackElo "1376"]
[PlyCount "72"]
[EventDate "2008.12.27"]
[EventType "team-swiss"]
[EventRounds "7"]
[EventCountry "GER"]
[SourceTitle "EXT 2010"]
[Source "ChessBase"]
[SourceDate "2010.11.25"]
[SourceVersion "1"]
[SourceVersionDate "2010.11.25"]
[SourceQuality "1"]
[WhiteTeam "Chemnitz Aufbau"]
[BlackTeam "Erlangen"]
[WhiteTeamCountry "GER"]
[BlackTeamCountry "GER"]

1. e4 c5 2. Nf3 Nc6 3. d4 cxd4 4. Nxd4 e6 5. Nc3 Bb4 6. Ndb5 d6 7. a3 Bxc3+ 8. Nxc3 a6 9. Bd3 Nf6 10. 0-0 0-0 11. Bg5 h6 12. Be3 b5 13. Qe2 Re8 14. Qd1 d5 15. exd5 exd5 16. Ne2 Ne5 17. Ng3 Bg4 18. Qd2 Bf3 19. Bd4 Ne4 20. Bxe4 Bxe4 21. Nxe4 dxe4 22. Qc3 Rc8 23. Qd2 Nc6 24. Bc3 Qxd2 25. Bxd2 Nd4 26. c3 Nb3 27. Rad1 Nxd2 28. Rxd2 Rcd8 29. Rfd1 Rxd2 30. Rxd2 e3 31. fxe3 Rxe3 32. Kf2 Re6 33. Rc2 Kf8 34. b3 g5 35. c4 Rc6 36. Ke3 Ke7 1/2-1/2

[Event "GER-chT U14 Girls"]
[Site "Dittrichshuette"]
[Date "2008.12.29"]
[Round "5.3"]
[White "Bachem, Lisa"]
[Black "Stolcz, Bianca"]
[Result "0-1"]
[WhiteElo "1155"]
[BlackElo "1376"]
[PlyCount "84"]
[EventDate "2008.12.27"]
[EventType "team-swiss"]
[EventRounds "7"]
[EventCountry "GER"]
[SourceTitle "EXT 2010"]
[Source "ChessBase"]
[SourceDate "2010.11.25"]
[SourceVersion "1"]
[SourceVersionDate "2010.11.25"]
[SourceQuality "1"]
[WhiteTeam "Fritzdorf"]
[BlackTeam "Erlangen"]
[WhiteTeamCountry "GER"]
[BlackTeamCountry "GER"]

1. e4 c5 2. Nf3 Nc6 3. d4 cxd4 4. Nxd4 d6 5. Nc3 Nf6 6. Bb5 Bd7 7. 0-0 e6 8. Be3 Be7 9. Qd2 0-0 10. Rfe1 a6 11. Ba4 b5 12. Bb3 Nxd4 13. Bxd4 e5 14. Be3 Be6 15. Bg5 b4 16. Nd5 Nxd5 17. Bxe7 Nxe7 18. Qxb4 Bxb3 19. Qxb3 Rb8 20. Qa3 Qb6 21. b3 Rfc8 22. c4 f5 23. Rad1 Rc6 24. h3 Rf8 25. Rd2 h6 26. Ree2 fxe4 27. Rxe4 Nf5 28. b4 Nd4 29. Qc3 a5 30. b5 Nxb5 31. Qe3 Qxe3 32. fxe3 Nc3 33. Rg4 Rf6 34. Rc2 Nb5 35. Rb2 Na3 36. Rb8+ Rf8 37. Rb7 Rf7 38. Rb8+ Kh7 39. Ra8 Nxc4 40. Rg3 Nd2 41. h4 Rc1+ 42. Kh2 Nf1+ 0-1

[Event "GER-chT U14 Girls"]
[Site "Dittrichshuette"]
[Date "2008.12.29"]
[Round "6.3"]
[White "Stolcz, Bianca"]
[Black "Greilich, Sophie"]
[Result "1-0"]
[WhiteElo "1376"]
[BlackElo "896"]
[PlyCount "119"]
[EventDate "2008.12.27"]
[EventType "team-swiss"]
[EventRounds "7"]
[EventCountry "GER"]
[SourceTitle "EXT 2010"]
[Source "ChessBase"]
[SourceDate "2010.11.25"]
[SourceVersion "1"]
[SourceVersionDate "2010.11.25"]
[SourceQuality "1"]
[WhiteTeam "Erlangen"]
[BlackTeam "Rossdorf"]
[WhiteTeamCountry "GER"]
[BlackTeamCountry "GER"]

1. e4 e5 2. Nf3 Nc6 3. d4 exd4 4. Nxd4 Nf6 5. Nc3 Bb4 6. Nxc6 bxc6 7. Bd3 d5 8. e5 d4 9. 0-0 dxc3 10. exf6 Qxf6 11. Re1+ Be6 12. b3 0-0 13. Be3 Bd6 14. Bd4 Qg5 15. Bxc3 a5 16. a4 Bb4 17. Bxb4 axb4 18. Qf3 Bd5 19. Be4 Rfe8 20. Qd3 Bxe4 21. Rxe4 Rad8 22. Rxe8+ Rxe8 23. Qd7 Qe5 24. Rf1 c5 25. h3 Re7 26. Qd3 Re8 27. Rd1 Qe7 28. a5 h6 29. a6 c6 30. Qd7 Qf8 31. Qxc6 Ra8 32. Rd5 Qe8 33. Rxc5 Qd8 34. Rd5 Qb8 35. Qb7 Qa7 36. Qxa7 Rxa7 37. Rb5 Rxa6 38. Rxb4 Rd6 39. Kf1 Re6 40. c4 Kf8 41. c5 Ke8 42. Rc4 Kd7 43. b4 Kc6 44. f3 Kb5 45. Re4 Rf6 46. Ke2 g6 47. Kd3 Ra6 48. Rc4 Ra4 49. c6 Ra8 50. c7 Rc8 51. Kd4 Kb6 52. Kd5 Rxc7 53. Rxc7 Kxc7 54. Kc5 Kb7 55. Kb5 h5 56. g4 hxg4 57. hxg4 g5 58. Kc5 Kc7 59. b5 Kb7 60. b6 1-0

[Event "GER-ch U12"]
[Site "Willingen"]
[Date "2008.05.16"]
[Round "9"]
[White "Stolcz, Bianca"]
[Black "Hellwig, Immo"]
[Result "1-0"]
[WhiteElo "1594"]
[BlackElo "1278"]
[PlyCount "47"]
[EventDate "2008.05.11"]
[EventType "swiss"]
[EventRounds "11"]
[EventCountry "GER"]
[SourceTitle "CBM 124 Extra"]
[Source "ChessBase"]
[SourceDate "2008.07.03"]
[SourceVersion "1"]
[SourceVersionDate "2008.07.03"]
[SourceQuality "1"]

1. e4 c5 2. Nf3 Nc6 3. d4 cxd4 4. Nxd4 g6 5. Nc3 Bg7 6. Be3 Nf6 7. Bc4 0-0 8. 0-0 Nxe4 9. Nxe4 d5 10. Nxc6 bxc6 11. Bd3 dxe4 12. Bxe4 Bxb2 13. Rb1 Qxd1 14. Rfxd1 Rb8 15. Bxc6 a6 16. Ba7 Rb4 17. Bc5 Rc4 18. Bxe7 Bf5 19. Rxb2 Rc8 20. Bd5 R4c7 21. Bf6 Bxc2 22. Rc1 Be4 23. Rxc7 Rxc7 24. Rb8+ 1-0

[Event "GER-ch U12"]
[Site "Willingen"]
[Date "2008.05.15"]
[Round "8"]
[White "Ewert, Paul"]
[Black "Stolcz, Bianca"]
[Result "1-0"]
[WhiteElo "1329"]
[BlackElo "1594"]
[PlyCount "113"]
[EventDate "2008.05.11"]
[EventType "swiss"]
[EventRounds "11"]
[EventCountry "GER"]
[SourceTitle "CBM 124 Extra"]
[Source "ChessBase"]
[SourceDate "2008.07.03"]
[SourceVersion "1"]
[SourceVersionDate "2008.07.03"]
[SourceQuality "1"]

1. e4 c5 2. Nf3 Nc6 3. Nc3 d6 4. d4 cxd4 5. Nxd4 Nf6 6. Be2 e6 7. 0-0 Be7 8. Be3 0-0 9. Kh1 a6 10. a4 Bd7 11. f4 Qc7 12. Qe1 Rac8 13. Qg3 Nxd4 14. Bxd4 Bc6 15. Bd3 Rfd8 16. Qh3 e5 17. Be3 Bd7 18. Qf3 Ng4 19. Nd5 Qb8 20. Nxe7+ Kf8 21. Nxc8 Rxc8 22. f5 Nf6 23. Bg5 Ne8 24. f6 g6 25. Qg3 Kg8 26. h4 h5 27. Qe3 Rc6 28. Bh6 Qd8 29. Qg5 Be6 30. Bg7 Nxg7 31. fxg7 Qxg5 32. hxg5 Kxg7 33. Rac1 Rb6 34. b3 Rb4 35. Rf3 d5 36. exd5 Bxd5 37. Re3 Rh4+ 38. Kg1 Rg4 39. Re2 Rxg5 40. Be4 Bxe4 41. Rxe4 Kf6 42. Rf1+ Ke6 43. Rb4 b5 44. axb5 axb5 45. Rxb5 h4 46. Kh2 f5 47. c4 e4 48. Rd1 e3 49. c5 f4 50. Rb6+ Ke7 51. c6 e2 52. Re1 Re5 53. c7 Kd7 54. Rxg6 Kxc7 55. Rg4 h3 56. Kxh3 Rh5+ 57. Rh4 1-0

[Event "GER-ch U12"]
[Site "Willingen"]
[Date "2008.05.14"]
[Round "7"]
[White "Stolcz, Bianca"]
[Black "Priese, Annika"]
[Result "1/2-1/2"]
[WhiteElo "1594"]
[BlackElo "1256"]
[PlyCount "50"]
[EventDate "2008.05.11"]
[EventType "swiss"]
[EventRounds "11"]
[EventCountry "GER"]
[SourceTitle "CBM 124 Extra"]
[Source "ChessBase"]
[SourceDate "2008.07.03"]
[SourceVersion "1"]
[SourceVersionDate "2008.07.03"]
[SourceQuality "1"]

1. e4 c5 2. Nf3 e6 3. d4 cxd4 4. Nxd4 Nc6 5. Nc3 Nf6 6. Bc4 a6 7. 0-0 Bb4 8. Nxc6 bxc6 9. Bd3 Qc7 10. Bg5 Be7 11. f4 d6 12. Qe2 Qb6+ 13. Kh1 Qxb2 14. Qd2 Qb8 15. Rae1 h6 16. Bh4 e5 17. fxe5 dxe5 18. Rb1 Qc7 19. Qe3 0-0 20. Qg3 Qd6 21. Bc4 Nh5 22. Qf3 Bxh4 23. Bxf7+ Kh8 24. Qxh5 Bf6 25. Rbd1 Qe7 1/2-1/2

[Event "GER-ch U12"]
[Site "Willingen"]
[Date "2008.05.12"]
[Round "4"]
[White "Weber, Daniel1111"]
[Black "Stolcz, Bianca"]
[Result "1-0"]
[WhiteElo "1300"]
[BlackElo "1594"]
[PlyCount "71"]
[EventDate "2008.05.11"]
[EventType "swiss"]
[EventRounds "11"]
[EventCountry "GER"]
[SourceTitle "CBM 124 Extra"]
[Source "ChessBase"]
[SourceDate "2008.07.03"]
[SourceVersion "1"]
[SourceVersionDate "2008.07.03"]
[SourceQuality "1"]

1. e4 c5 2. d4 cxd4 3. c3 Nf6 4. Bd3 d5 5. e5 Ng4 6. cxd4 Nc6 7. Nf3 g6 8. Bf4 Qb6 9. Qd2 f6 10. h3 fxe5 11. dxe5 g5 12. hxg4 gxf4 13. Bxh7 Bg7 14. Qxd5 Bd7 15. Bg6+ Kd8 16. Rxh8+ Bxh8 17. Qg8+ Kc7 18. Qxa8 Qxb2 19. Qxh8 Qxa1 20. Qh7 Qxa2 21. Bf5 Qa5+ 22. Kf1 Qb5+ 23. Bd3 Qc5 24. g5 Qc1+ 25. Ne1 Nxe5 26. Qe4 Nc6 27. g6 f3 28. Qxf3 Qh6 29. Qg3+ Kc8 30. Kg1 Qc1 31. f4 Nb4 32. g7 Be6 33. f5 Bg8 34. Be4 Qc5+ 35. Kh1 Qe5 36. Qxe5 1-0

[Event "GER-ch U12"]
[Site "Willingen"]
[Date "2007.05.28"]
[Round "4"]
[White "Freis, Katrin"]
[Black "Stolcz, Bianca"]
[Result "1/2-1/2"]
[WhiteElo "939"]
[BlackElo "1228"]
[PlyCount "85"]
[EventDate "2007.05.26"]
[EventType "swiss"]
[EventRounds "11"]
[EventCountry "GER"]
[SourceTitle "CBM 118 Extra"]
[Source "ChessBase"]
[SourceDate "2007.07.04"]
[SourceVersion "1"]
[SourceVersionDate "2007.07.04"]
[SourceQuality "1"]

1. e4 c5 2. Nf3 e6 3. Bc4 a6 4. Nc3 b5 5. Be2 Nc6 6. d3 d6 7. Bf4 Nf6 8. 0-0 Be7 9. h3 0-0 10. Qd2 d5 11. e5 Nd7 12. d4 cxd4 13. Nxd4 Ncxe5 14. Bxe5 Nxe5 15. Rfe1 Nc4 16. Bxc4 Bg5 17. f4 Bh4 18. g3 Bxg3 19. Rf1 bxc4 20. Qg2 Qh4 21. Nce2 e5 22. Nf3 Bxh3 23. Nxh4 Bxg2 24. Nxg2 Bxf4 25. Nexf4 exf4 26. Nxf4 d4 27. Rfd1 Rad8 28. Rd2 Rd6 29. Rad1 Rfd8 30. Ne2 d3 31. cxd3 Rxd3 32. Rxd3 cxd3 33. Nf4 d2 34. a4 Kf8 35. b4 Ke7 36. Kf2 Kf6 37. Ke2 Rd4 38. Nd3 a5 39. b5 Rxa4 40. b6 Re4+ 41. Kxd2 Re8 42. Rb1 Rb8 43. Nc5 1/2-1/2

[Event "GER-ch U12"]
[Site "Willingen"]
[Date "2007.05.28"]
[Round "5"]
[White "Stolcz, Bianca"]
[Black "Polert, Annika"]
[Result "1-0"]
[WhiteElo "1228"]
[BlackElo "1008"]
[PlyCount "47"]
[EventDate "2007.05.26"]
[EventType "swiss"]
[EventRounds "11"]
[EventCountry "GER"]
[SourceTitle "CBM 118 Extra"]
[Source "ChessBase"]
[SourceDate "2007.07.04"]
[SourceVersion "1"]
[SourceVersionDate "2007.07.04"]
[SourceQuality "1"]

1. e4 e5 2. Nf3 Nc6 3. d4 exd4 4. Nxd4 Bc5 5. Be3 Qf6 6. c3 Nge7 7. Bc4 Ne5 8. Bb3 c6 9. 0-0 d5 10. exd5 cxd5 11. Nb5 Qc6 12. Ba4 0-0 13. Nxa7 Qb6 14. Nxc8 Rfxc8 15. Bxc5 Rxc5 16. Bb3 Rb8 17. Nd2 Qg6 18. Nf3 Nxf3+ 19. Qxf3 b6 20. Rfe1 Nf5 21. Bxd5 Nh4 22. Qf4 Rxd5 23. Qxb8+ Rd8 24. Qxd8# 1-0

[Event "GER-ch U12"]
[Site "Willingen"]
[Date "2007.05.27"]
[Round "2"]
[White "Schmitt, Katrin"]
[Black "Stolcz, Bianca"]
[Result "1/2-1/2"]
[WhiteElo "1472"]
[BlackElo "1228"]
[PlyCount "115"]
[EventDate "2007.05.26"]
[EventType "swiss"]
[EventRounds "11"]
[EventCountry "GER"]
[SourceTitle "CBM 118 Extra"]
[Source "ChessBase"]
[SourceDate "2007.07.04"]
[SourceVersion "1"]
[SourceVersionDate "2007.07.04"]
[SourceQuality "1"]

1. e4 c5 2. Nf3 e6 3. d4 cxd4 4. Nxd4 Nc6 5. Nxc6 bxc6 6. Bd3 Nf6 7. 0-0 Be7 8. c4 Qc7 9. Qe2 d6 10. Nc3 0-0 11. f4 e5 12. f5 Bb7 13. Qf3 Qb6+ 14. Kh1 Rfd8 15. g4 d5 16. g5 dxe4 17. Nxe4 Nxe4 18. Bxe4 Bf8 19. g6 h6 20. gxf7+ Kxf7 21. Qh5+ Kg8 22. f6 c5 23. f7+ Kh8 24. Qxe5 Qd6 25. Qf5 Bxe4+ 26. Qxe4 Qd3 27. Qxd3 Rxd3 28. Bf4 Rd4 29. b3 Kh7 30. Rae1 g5 31. Bg3 Rd2 32. Re8 Rdd8 33. Rfe1 Kg7 34. Rxd8 Rxd8 35. Rf1 Rd7 36. Kg1 Rxf7 37. Be5+ Kg6 38. Rxf7 Kxf7 39. Kf2 Ke6 40. Bb8 a6 41. Ke3 Kf5 42. Kd3 h5 43. Kc2 h4 44. Kd3 g4 45. Ke3 Bh6+ 46. Kf2 Bf4 47. Ba7 Bd6 48. Bb6 Kf4 49. Bd8 g3+ 50. hxg3+ hxg3+ 51. Kg2 Kg4 52. a3 Kf4 53. Ba5 Ke4 54. b4 cxb4 55. axb4 Kd4 56. c5 Bxc5 57. bxc5 Kxc5 58. Kxg3 1/2-1/2

[Event "GER-ch U10"]
[Site "Willingen"]
[Date "2006.06.04"]
[Round "3"]
[White "Stahnecker, Ludwig"]
[Black "Stolcz, Bianca"]
[Result "0-1"]
[WhiteElo "1447"]
[BlackElo "1095"]
[PlyCount "108"]
[EventDate "2006.06.04"]
[EventType "swiss"]
[EventRounds "11"]
[EventCountry "GER"]
[SourceTitle "EXT 2007"]
[Source "ChessBase"]
[SourceDate "2006.11.23"]
[SourceVersion "1"]
[SourceVersionDate "2006.11.23"]
[SourceQuality "1"]

1. e4 e5 2. Nf3 Nc6 3. Bb5 a6 4. Ba4 b5 5. Bb3 Nf6 6. 0-0 Be7 7. Re1 0-0 8. c3 d5 9. exd5 Nxd5 10. Nxe5 Nxe5 11. Rxe5 c6 12. Bxd5 cxd5 13. d4 f6 14. Re1 Bd6 15. Qh5 Bc7 16. Nd2 g6 17. Qd1 f5 18. Nf3 f4 19. Ne5 Qg5 20. Qf3 Be6 21. Bd2 h5 22. h4 Qf6 23. Qe2 Rae8 24. a4 Bxe5 25. Qxe5 Qxh4 26. axb5 axb5 27. Ra7 Rf6 28. g3 fxg3 29. fxg3 Qg4 30. Bf4 Bf7 31. Re7 Rxe7 32. Qxe7 Rxf4 33. Qh4 Qxh4 34. gxh4 Rxh4 35. Re7 Rg4+ 36. Kh2 Kf8 37. Rb7 h4 38. Rxb5 Rg3 39. Rc5 Rd3 40. b4 h3 41. b5 Be6 42. Rc6 Rd2+ 43. Kg1 h2+ 44. Kh1 Bf5 45. Rf6+ Ke7 46. Rxf5 gxf5 47. b6 Rb2 48. b7 f4 49. b8Q Rxb8 50. Kxh2 Rf8 51. Kg2 f3+ 52. Kf2 Ke6 53. Kf1 Kf5 54. Kf2 Ke4 0-1